000 00853cam a22002294a 4500
020 _a0415252156 (alk. paper)
020 _a0415252164 (pbk. : alk. paper)
082 0 0 _a363.34
_bWIS
_cN-02 , P-31
100 _aWisner ,Ben . editr
_936385
245 0 0 _aAt risk :
_bnatural hazards, people's vulnerability, and disasters /
_cBen Wisner ... [et al.].
250 _a2nd ed.
260 _aLondon ;
_aNew York :
_bRoutledge,
_cc2004.
300 _axix, 471 p. :
_bill., maps ;
_c24 cm.
526 _a0
_b0
_c0
_d363_340000000000000_WIS
526 _a0
_b0
_c0
_d363_340000000000000_WIS
650 0 _aNatural disasters.
_930297
650 0 _aNUST
_96342
700 1 _aWisner, Benjamin.
_936386
856 4 1 _uhttp://www.loc.gov/catdir/toc/ecip043/2003009175.html
856 4 2 _uhttp://www.loc.gov/catdir/enhancements/fy0650/2003009175-d.html
942 _2ddc
_cBK
999 _c541470
_d541470